Guess the Horror Movie from it’s Main Antagonist: Hard - Statistics

General Stats
  • This quiz has been taken 14 times
  • The average score is 6 of 30
Answer Stats
Antagonist Horror Movie % Correct
Stitches the Clown Stitches
55%
Jean Jacket Nope
45%
The Ancient Ones The Cabin in the Woods
36%
Adrian Griffin The Invisible Man (2020)
36%
Polite Leader The Purge
36%
Willy Weasel Willy’s Wonderland
36%
Norman Nordstrom Don’t Breathe
27%
Asmodeus Paranormal Activity
27%
Calux Truth or Dare
27%
Rachael Newman American Psycho 2
18%
The Shimmer Annihilation
18%
Luke Lerner Better Watch Out
18%
Grant Grant Slither
18%
Stumpy Tremors
18%
Charon IV Unfriended: Dark Web
18%
Brandon Breyer Brightburn
9%
Ozhin Countdown
9%
Aeloth the Blind Deathgasm
9%
Lester Cooper Empathy, Inc.
9%
The Abomination Evil Dead (2013)
9%
The Other Hell Fest
9%
Sandie Collins Last Night in Soho
9%
Jeremiah Sand Mandy
9%
John Towers Mayhem
9%
Pandora PG: Psycho Goreman
9%
Jacob Goodnight See No Evil
9%
Barry Norris The Belko Experiment
9%
Mental Manny The Funhouse Massacre
9%
Francis Dolarhyde Manhunter
0%
Russ Thorn The Slumber Party Massacre
0%
No matching quizzes found
Score Distribution
Percent of People with Each Score
Percentile by Number Answered
Your Score History
You have not taken this quiz